Slavná levačka
| Main Author: | |
|---|---|
| Format: | Book |
| Language: | Undetermined |
| Published: |
Praha
SNDK
1966
|
MARC
| LEADER | 00000nam a2200000 a 4500 | ||
|---|---|---|---|
| 001 | vtls001414345 | ||
| 003 | SK-MaSNL | ||
| 005 | 20260302035136.0 | ||
| 008 | 240314s1966 xx 0 und | ||
| 035 | |a SNK000369069 | ||
| 040 | |a SNK |b slo |c SNK |e AACR2 | ||
| 100 | 1 | |a Gašparová, Eleonóra, |d 1925-2010 |4 aut |9 102413 | |
| 245 | 1 | 0 | |a Slavná levačka |
| 260 | |a Praha |b SNDK |c 1966 | ||
| 300 | |a 67 s. | ||
| 958 | |a OND | ||
| 999 | |c 1069427 |d 1071357 | ||
| 952 | |t P60, <05>, [BOOK], {605} |a SNK |b SNK |y PREZ |7 0 |p 17A0301513 |o snkIB 18234 D1 |0 0 |1 1 |4 0 |d 2001-06-01 |l 0 |r 2005-01-02 00:00:00 |w 2026-02-24 | ||


